Films en montagne (par image) - Statistiques

Statistiques générales
  • Ce quiz a été pris 28 fois
  • Le résultat moyen est 5 sur 16
Statistiques - réponses
Par images Réponse % Correct
Les Bronzés font du ski
100%
Belle et Sébastien
88%
Le Retour de Don Camillo
58%
Cliffhanger : traque au sommet
50%
Les Randonneurs
42%
Everest
38%
Le Pic de Dante
33%
Le Grand restaurant
25%
Le Hussard sur le toit
25%
Une hirondelle a fait le printemps
25%
Bernadette (1988)
13%
La Sanction
13%
Le Grand silence
8%
Le Provincial
8%
Les Montagnards sont là
8%
Cinq jours, ce printemps-là
4%
Aucun quiz correspondant
Distribution des résultats
% des personnes avec chaque résultat
Percentile par nombre de réponses
Votre historique - résultats
Vous n’avez pas pris ce quiz